00989nam a2200265 a 450000100060000000300080000600500170001400800410003102000140007203500190008604000230010504100080012808200270013610000200016324501450018326000640032830000260039250400310041865000420044965000560049165000360054765000410058365000470062465000520067160639BD-RjUL20211209080851.0170102s1984 bg b f000 0 eng d zTk100.00  a(BD-RjUL)60763 aDLCcDLCdm/cbeng aeng a338.13095492bALC 19841 aAlam, Mahmudul.10aCapital accumulation and agrarian structure in Bangladesh :ba study on tubewell irrigated villages of Rajshahi and Comilla /cMahmudul Alam aDhaka :bCentre for Social Studies, Dhaka University,c1984 axxiv, 174 p. ;c22 cm aBibliography: p. [171]-174 0aAgricultural productivityzBangladesh 0aAgricultural productivityzBangladeshzRājshāhi 0aIrrigationzBangladeshzComilla 0aIrrigationzBangladeshzRājshāhi 0aSaving and investmentzBangladeshzComilla 0aSaving and investmentzBangladeshzRājshāhi